| 000 | 00517nam a2200145Ia 4500 | ||
|---|---|---|---|
| 008 | 230917s9999||||xx |||||||||||||| ||und|| | ||
| 040 |
_e41615 _aMAIN |
||
| 041 | _aEnglish | ||
| 082 | _a942 E84S | ||
| 100 | _aElton, G R | ||
| 245 | 0 | _aStudies in Tudor and Stuart politics and government: papers , V1:Todor politics/Tudor government. V2:Parliament/political thought. V3:Papers and reviewa 1946- 1972 | |
| 260 |
_aCambridge _bCambridge University Press _c1974 |
||
| 300 | _axii, 401 p. ; x, 512 ; x, 267 | ||
| 942 | _cBK | ||
| 999 |
_c40977 _d40977 |
||